Cure characteristics and vulcanizate properties of NBR/ENR blends (Record no. 52422)

MARC details
000 -LEADER
fixed length control field 00616nam a2200193Ia 4500
100 ## - MAIN ENTRY--AUTHOR NAME
Personal name George K.M.
245 #0 - TITLE STATEMENT
Title Cure characteristics and vulcanizate properties of NBR/ENR blends
260 ## - PUBLICATION, DISTRIBUTION, ETC. (IMPRINT)
Name of publisher International Conference and Exhibition, Indian Rubber Expo 2003, 10-13 February 2003, Mumbai, India
Year of publication 2003
650 ## - SUBJECT ADDED ENTRY--TOPICAL TERM
Topical Term Ageing resistance
650 ## - SUBJECT ADDED ENTRY--TOPICAL TERM
Topical Term Epoxidized natural rubber
650 ## - SUBJECT ADDED ENTRY--TOPICAL TERM
Topical Term Nitrile rubber
650 ## - SUBJECT ADDED ENTRY--TOPICAL TERM
Topical Term Reinforcement modifier
700 ## - ADDED ENTRY--PERSONAL NAME
Personal name George B.
700 ## - ADDED ENTRY--PERSONAL NAME
Personal name Mathew N.M.
700 ## - ADDED ENTRY--PERSONAL NAME
Personal name Thomas K.T.
700 ## - ADDED ENTRY--PERSONAL NAME
Personal name Varkey J.K.
942 ## - ADDED ENTRY ELEMENTS (KOHA)
Koha item type Bibliography STAF
Holdings
Withdrawn status Lost status Damaged status Not for loan Home library Current library Date acquired Koha item type
      Bibliography RRII Library RRII Library 09/04/2014 Bibliography STAF